[Event "Stay Safe Play From Home 290"]
[Site "Emanuel Lasker Arena"]
[Date "2020.07.09"]
[Round "5"]
[White "Lazieri3"]
[Black "Weltszmerc"]
[Result "0-1"]
[WhiteElo "2068"]
[BlackElo "2154"]
[Annotator "TA"]
[PlyCount "130"]
[EventDate "2020.07.09"]
[EventType "swiss (blitz)"]

{[%evp 9,130,-8,-4,-1,-4,-4,-7,-11,0,-19,-3,-33,-14,-6,29,34,34,17,31,31,58,29,48,37,38,47,41,42,36,0,0,0,7,0,20,7,20,20,20,23,23,10,14,0,0,0,0,0,0,0,0,0,0,0,0,0,0,0,0,0,-8,-12,-14,-18,0,-12,-29,-468,-466,-984,-984,-29982,-6083,-29943,-6619,-29971,-29945,-29974,-29975,-29975,-29976,-29976,-29971,-6215,0,-29981,-29982,-29982,-29979,-29984,-29978,-29982,-29976,-29988,-29989,-29989,-29989,-29989,-29990,-29990,-29991,-29991,-29992,-29993,-29994,-29994,-29993,-29993,-29992,-29992,-29993,-29993,-29993,-29993,-29994,-29994,-29995,-29995,-29996,-29996,-29997,-29997,-29998]} 1. e4 Nf6 2. Nc3 d5 3. exd5 Nxd5 4. Nxd5 Qxd5 5. Qf3 c6 6. Qxd5 {B02: Alekhine's Defence: Chase Variation and lines with early Nc3.} cxd5 7. d4 Nc6 8. c3 {The position is equal.} Bf5 9. Bf4 e6 10. Kd2 Be7 11. Bd3 {[#]} O-O $146 ({Predecessor:} 11... Bxd3 12. Kxd3 O-O 13. Nf3 Rac8 14. Ne5 Nxe5+ 15. Bxe5 Rfd8 16. Bf4 Bd6 17. Bxd6 {½-½ (17) Saizew,V (1957)-Cornelius,J (2022) Maastricht 2015}) 12. Bxf5 exf5 13. Nf3 g6 14. Rhe1 Bf6 15. Ne5 Rfe8 16. Nd7 Kg7 17. Nxf6 Kxf6 18. Rxe8 Rxe8 19. Re1 (19. h4 {with more complications.} Ke7 20. g3 Nd8 21. Bg5+ f6 22. Re1+) 19... Rxe1 20. Kxe1 $11 {[%mdl 4096] Endgame KB-KN} b5 21. Kd2 Ke6 22. Kd3 a6 23. b3 Na5 24. Bc7 Nc6 25. a3 Kd7 26. Bf4 (26. Bb6 {is interesting.} Ne7 27. g3 Ng8 28. f3 Nf6 29. Ke3) 26... Na5 27. Kc2 Kc6 28. Bd2 Nb7 29. Kd3 Nd6 30. Bf4 Ne4 31. f3 Nf6 $1 32. c4 dxc4+ 33. bxc4 bxc4+ 34. Kxc4 Nd5 35. Bd2 f4 36. Bc1 g5 37. Bd2 f5 38. Bc1 $2 {[%mdl 8192] [#] White is on the road to losing.} (38. Kd3 $11) 38... Ne3+ $1 $19 39. Bxe3 (39. Kd3 $142 Nxg2 40. a4) 39... fxe3 {KP-KP} 40. h4 h6 (40... e2 $142 41. hxg5 e1=Q 42. d5+ Kd6 43. Kd4 {[#]} Qd2+ $1 {[%mdl 512]} 44. Kc4 Qc2+ 45. Kd4 f4 46. g6 hxg6 47. a4 a5 48. g4 fxg3 49. Ke3 g2 50. Kf4 Qd2+ {[%mdl 64] Double Attack} 51. Kg4 g1=R+ 52. Kh4 Qh6#) 41. Kd3 f4 42. g3 Kd5 43. gxf4 gxf4 44. h5 a5 {[%cal Ba6a5,Ba5a4][%mdl 32]} 45. Kc3 a4 46. Kd3 e2 $2 ({Better is} 46... Kc6 $19 47. Kc2 Kd6) 47. Kd2 $2 {[%mdl 8192]} (47. Kxe2 $11 Kxd4 48. Kd2) 47... Kxd4 {Black mates.} 48. Kxe2 {K3P-K3P} Kc3 49. Kf2 Kd3 50. Kg2 Ke3 51. Kh3 Kxf3 {K3P-KPP} 52. Kh4 Ke2 53. Kh3 f3 54. Kg4 f2 55. Kf5 f1=Q+ 56. Kg6 Qf4 57. Kg7 Qg5+ 58. Kf7 Qxh5+ 59. Ke6 Qg5 60. Kd6 h5 61. Kc6 h4 62. Kd6 h3 63. Ke6 h2 64. Kd7 h1=Q 65. Kc7 Qhh6 {Accuracy: White = 65%, Black = 88%.} 0-1

[Event "Stay Safe Play From Home 290"]
[Site "Emanuel Lasker Arena"]
[Date "2020.07.09"]
[Round "5"]
[White "Haxhi Baha"]
[Black "Bardellosport"]
[Result "1-0"]
[WhiteElo "1986"]
[BlackElo "1966"]
[Annotator "TA"]
[PlyCount "43"]
[EventDate "2020.07.09"]
[EventType "swiss (blitz)"]

{[%evp 9,43,28,41,0,0,-6,-8,-23,8,0,51,-47,28,44,35,0,39,-191,219,171,403,241,1456,227,497,429,1516,619,29993,29994,29994,29995,29996,29997,29997,29998]} 1. e4 d6 2. d4 Nd7 3. Nc3 Ngf6 4. Bc4 e5 5. Nge2 Be7 6. f3 {B07: Pirc Defence: Miscellaneous Systems.} O-O 7. Be3 c6 8. Qd2 {The position is equal.} Qc7 9. a4 {[#]} a6 $146 (9... exd4 $11 10. Bxd4 (10. Qxd4 Ne5 $11) 10... Nc5) ({Predecessor:} 9... b6 10. Nd1 a6 11. c3 Rd8 12. O-O d5 13. exd5 Nxd5 14. Bf2 exd4 15. cxd4 N7f6 {1-0 (36) Mazi,L (2360)-Damnjanovic,R (2262) chess.com INT 2020}) 10. g4 (10. Ba2 $14) 10... Rb8 (10... exd4 $1 $15 11. Nxd4 (11. Qxd4 $2 Ne5 $19) 11... d5 12. exd5 Ne5) 11. g5 $36 {[%mdl 2048] White has good play.} Ne8 12. Ng3 g6 13. h4 $2 {[#]} (13. d5 $14) 13... Ng7 $4 {[%mdl 8192]} (13... exd4 $19 {and all is fine.} 14. Bxd4 d5 {[%mdl 64] Discovered Attack}) 14. h5 $18 b5 $2 (14... exd4 15. Bxd4 d5) 15. Bb3 (15. hxg6 $142 {And now Qh2 would win.} bxc4 16. Nf5 fxg6 17. Nxe7+ Kf7 18. Rxh7) 15... b4 $2 (15... bxa4 16. hxg6 (16. Rxa4 Rxb3 17. cxb3 exd4 $16) (16. Nxa4 exd4 17. Bxd4 d5 $14) 16... axb3) 16. Nce2 $2 (16. hxg6 h5 17. gxf7+ Rxf7 18. g6 {[%mdl 64] Pin}) 16... Nb6 $2 (16... c5 17. hxg6 c4) 17. hxg6 hxg6 {[#]} (17... d5 $142 18. gxh7+ Kh8 19. dxe5 Be6) 18. Ng1 (18. Nf4 $142 $1 {[%mdl 512]} Nd5 (18... exf4 19. Qh2) 19. Qh2) 18... Be6 19. Qh2 {[%csl Gh1][%cal Rh2h8] White mates.} Nh5 20. Nxh5 Rfe8 21. Nf6+ Bxf6 22. gxf6 {Accuracy: White = 39%, Black = 21%.} 1-0

[Event "Stay Safe Play From Home 290"]
[Site "Emanuel Lasker Arena"]
[Date "2020.07.09"]
[Round "5"]
[White "Ironmike"]
[Black "Trotsky"]
[Result "1-0"]
[WhiteElo "1928"]
[BlackElo "1608"]
[Annotator "TA"]
[PlyCount "33"]
[EventDate "2020.07.09"]
[EventType "swiss (blitz)"]
[WhiteTeam "SV Horst-Emscher I"]

{[%evp 9,32,28,52,56,69,8,7,0,38,-301,-302,-343,-96,-277,-270,-425,77,-341,-256,-258,226,-229,1433,1450,29999]} 1. e4 c5 2. Nf3 e6 3. Nc3 d5 4. exd5 exd5 5. d4 Be6 6. Bb5+ {C10: French with 3 Nc3: Unusual Black 3rd moves and 3...dxe4.} Nc6 7. dxc5 ({Better is} 7. Be3 $14) 7... Bxc5 $11 8. O-O {[#] The position is equal.} a6 $146 ({Predecessor:} 8... Nf6 9. Ne5 Rc8 10. Bf4 O-O 11. h3 Bd6 12. Nd3 Qc7 13. Bxd6 Qxd6 14. Re1 a6 {1-0 (70) Camelo,J (1298)-Carvalho,E Luso 2017}) 9. Re1 $2 {[%mdl 8192] [#]} (9. Bxc6+ $14 {keeps the upper hand.} bxc6 10. Nd4) 9... axb5 $19 10. Ng5 b4 $2 (10... Nf6 $19 11. Nxe6 fxe6 12. Rxe6+ Kf7) 11. Nxe6 $2 (11. Nxd5 $17 Nge7 12. Nxe6 fxe6 13. Qh5+ g6 14. Nf6+ {[%mdl 64] Double Attack, Discovered Attack} Kf7 15. Qxc5) 11... fxe6 12. Nb5 (12. Nxd5 {might work better.} Ra5 13. Ne3) 12... Bd6 $2 (12... Nge7 $19 13. Rxe6 O-O) 13. Kh1 $2 {[%mdl 8192]} (13. Rxe6+ $16 Be7 14. Bf4) 13... e5 14. Qxd5 {[#]} Nf6 $4 {[%mdl 8192]} (14... Bb8 $1 $19 {and all is fine.} 15. Qxd8+ Kxd8) 15. Qe6+ $4 {[%mdl 8192]} ({But not} 15. Qxd6 $6 Kf7 $16) (15. Nxd6+ $18 {was the only winning move.} Ke7 16. Nf5+ Kf8 17. Qc5+ Kg8 18. Bh6) 15... Ne7 $4 {[%mdl 8192]} (15... Be7 $19 16. Bg5 Qd7) 16. Nxd6+ $18 Kf8 17. Qf7# {Accuracy: White = 15%, Black =  6%.} 1-0

[Event "Stay Safe Play From Home 290"]
[Site "Emanuel Lasker Arena"]
[Date "2020.07.09"]
[Round "5"]
[White "Justwatch"]
[Black "Tartak"]
[Result "0-1"]
[WhiteElo "1690"]
[BlackElo "1743"]
[Annotator "NA RC"]
[PlyCount "38"]
[EventDate "2020.07.09"]
[EventType "swiss (blitz)"]

1. e4 {[%emt 0:00:01]} e6 {[%emt 0:00:01]} 2. Nf3 {[%emt 0:00:01]} d5 {[%emt 0:00:01]} 3. exd5 {[%emt 0:00:00]} exd5 {[%emt 0:00:01]} 4. d4 {[%emt 0:00:00]} Bd6 {[%emt 0:00:00]} 5. Bb5+ {[%emt 0:00:00]} c6 {[%emt 0:00:02]} 6. Bd3 {[%emt 0:00:00]} Nf6 {[%emt 0:00:00]} 7. Be3 {[%emt 0:00:00]} Bg4 {[%emt 0:00:01]} 8. Nbd2 {[%emt 0:00:00]} Nbd7 {[%emt 0:00:01]} 9. h3 {[%emt 0:00:00]} Bh5 {[%emt 0:00:01]} 10. c3 {[%emt 0:00:01]} Qc7 {[%emt 0:00:01]} 11. Qa4 {[%emt 0:00:00]} b5 {[%emt 0:00:02]} 12. Qc2 {[%emt 0:00:01]} h6 {[%emt 0:00:00]} 13. Bf5 {[%emt 0:00:02]} Nb6 {[%emt 0:00:08]} 14. Bd3 {[%emt 0:00:02]} Nc4 {[%emt 0:00:02]} 15. Bxc4 {[%emt 0:00:02]} bxc4 {[%emt 0:00:01]} 16. O-O {[%emt 0:00:01]} O-O {[%emt 0:00:02]} 17. Rfe1 {[%emt 0:00:01]} Bg6 {[%emt 0:00:01]} 18. Qc1 {[%emt 0:00:02]} Bd3 {[%emt 0:00:03]} 19. Qc2 {[%emt 0:00:00]} Bxc2 {[%emt 0:00:01] Justwatch terk eder (Lag: Av=0.71s, max=1.0s)} 0-1

[Event "Stay Safe Play From Home 290"]
[Site "Emanuel Lasker Arena"]
[Date "2020.07.09"]
[Round "6"]
[White "Mepe_Nika"]
[Black "Lazieri3"]
[Result "1-0"]
[WhiteElo "2333"]
[BlackElo "2055"]
[Annotator "TA"]
[PlyCount "7"]
[EventDate "2020.07.09"]
[EventType "swiss (blitz)"]

{[%evp 7,7,525]} 1. c4 c5 2. g3 b6 3. Bg2 {[#]} Bb7 $146 ({Predecessor:} 3... Nc6 4. b3 Bb7 5. Bb2 Nf6 6. Nf3 e6 7. O-O Be7 8. d4 Nxd4 9. Nxd4 Bxg2 10. Kxg2 cxd4 11. Qxd4 Qc8 12. Nc3 O-O 13. e4 Qb7 14. f3 Rfd8 15. Rfd1 d6 16. Rd2 a6 17. Qd3 Ne8 18. a4 Nc7 19. Rad1 h6 20. Qd4 Bf8 {1-0 (60) Malakhatko,V (2511)-Ahmadzada,A (2340) Baku 2017}) 4. Bxb7 {An uneventful encounter.} 1-0

[Event "Stay Safe Play From Home 290"]
[Site "Emanuel Lasker Arena"]
[Date "2020.07.09"]
[Round "6"]
[White "SoulofWolf"]
[Black "AChessPlayer"]
[Result "0-1"]
[WhiteElo "2276"]
[BlackElo "2416"]
[Annotator "TA"]
[PlyCount "92"]
[EventDate "2020.07.09"]
[EventType "swiss (blitz)"]

{[%evp 9,91,7,27,0,10,0,0,-21,-27,-22,-5,4,10,-9,15,-11,-9,-15,-9,-27,-21,-30,-14,-25,-31,-65,-35,-110,-104,-181,0,-79,-84,-81,-16,-23,0,-5,82,40,86,13,139,8,9,15,5,-189,-134,-410,-410,-426,-399,-548,-552,-492,-432,-380,-210,-575,-243,-1087,-1192,-1217,-1206,-1572,-1562,-2347,-1779,-29991,-2851,-3188,-2996,-29991,-29992,-29992,-29992,-29995,-29996,-29996,-29997,-29998,-29999,-29999]} 1. c4 c6 2. e3 d5 3. Nc3 Nf6 4. b3 e6 5. Bb2 Be7 6. f4 {A11: English Opening: 1...c6.} O-O 7. Nf3 {[#]} b6 $146 ({Predecessor:} 7... a6 8. cxd5 cxd5 9. Bd3 b5 10. O-O b4 11. Ne2 Nc6 12. Ned4 Bd7 13. Nxc6 Bxc6 {1-0 (23) Moore,G-Chapman,P London 2003}) 8. d3 {The position is equal.} Bb7 9. Be2 Nbd7 10. O-O c5 11. Rc1 a6 12. cxd5 exd5 13. Qd2 Re8 14. h3 Bf8 15. Nd1 b5 16. Re1 Qb6 17. Kh1 Rac8 18. Bf1 (18. Nf2 $15) 18... Nh5 $17 19. Kh2 {[#]} (19. Qf2 $17 {is a better defense.}) 19... Nhf6 $2 (19... d4 $1 $19 {[%mdl 512] Hoping for ...Bxf3.} 20. Qf2 (20. exd4 Bxf3) 20... Bxf3 21. Qxf3 Nxf4 $1 {[%mdl 576] Pin}) 20. g4 (20. Kh1 $11) 20... d4 21. e4 g6 (21... Bd6 $17 22. Nf2 a5) 22. Kg1 Bg7 23. Bg2 Re7 (23... Bxe4 $11 {keeps the balance.} 24. dxe4 Nxe4) 24. Nf2 Ne8 25. h4 ({White should play} 25. b4 $16) 25... Ndf6 (25... f5 $11 {remains equal.}) 26. g5 (26. b4 $16) 26... Nh5 $11 27. Bh3 Rd8 28. Kg2 $2 {[#]} (28. f5 $11 {and White stays safe.}) 28... Nd6 (28... f5 $1 $19 {[%mdl 512] Threatens to win with ...Qc7.} 29. gxf6 (29. exf5 Re3) 29... Qxf6) 29. Ng4 $2 {[%mdl 8192] [#] Loses the game.} (29. Ba3 $17 b4 30. Bb2) 29... c4 $1 $19 {[%mdl 512]} 30. bxc4 bxc4 {White must now prevent ...c3.} 31. Ba3 c3 32. Qc2 Ree8 33. Rb1 Qa7 (33... Nxf4+ $142 34. Kg3 Qc7 35. Bxd6 Rxd6) 34. Rb3 $2 (34. Bc1 {is more resistant.}) 34... Ba8 (34... Nxf4+ $142 35. Kh2 Nxd3 $1 {[%mdl 512]} 36. Qxd3 Bxe4 37. Nh6+ Bxh6 38. Qxd4 Qxd4 39. Nxd4 Bg7) 35. Reb1 $2 {[#]} (35. Bxd6 Rxd6 36. Qc1) 35... Nxe4 $1 {[%mdl 512] And now ...Nd2 would win.} 36. dxe4 Bxe4 37. Qc1 Qa8 38. Ngh2 d3 {( -> ...Bxf3+)} 39. Rb4 d2 (39... Bxf3+ $142 40. Kf1 d2 41. Rb7 dxc1=Q+ 42. Bxc1 {[#]} Re2 $1 {[%mdl 512]} 43. Be3 Qxb7 44. Re1 Bg2+ {[%mdl 64] Double Attack} 45. Kg1 Rxe1+ 46. Kf2 Qe4 $1 {[%mdl 576] Double Attack} 47. Bg4 Qxe3+ 48. Kxg2 Nxf4#) 40. Qg1 c2 41. Ra1 d1=Q {Black mates.} 42. Rxd1 cxd1=Q 43. Qf2 Bxf3+ 44. Nxf3 {[#]} Rd2 $1 45. Rb2 Qaxf3+ {[%mdl 64] Pin} 46. Kh2 Qdh1# {Accuracy: White = 31%, Black = 58%.} 0-1

[Event "Stay Safe Play From Home 290"]
[Site "Emanuel Lasker Arena"]
[Date "2020.07.09"]
[Round "6"]
[White "Lamborghini"]
[Black "Ironmike"]
[Result "1-0"]
[WhiteElo "2203"]
[BlackElo "1932"]
[Annotator "TA"]
[PlyCount "61"]
[EventDate "2020.07.09"]
[EventType "swiss (blitz)"]
[BlackTeam "SV Horst-Emscher I"]

{[%evp 10,60,69,96,79,79,299,230,223,214,210,202,208,148,203,196,194,195,607,628,624,603,721,737,714,729,766,767,878,871,860,852,914,901,1018,1008,1083,1103,1098,1088,29987,29988,29991,29981,29981,29982,29980,29981,29984,29985,29985,29986,29999]} 1. e4 c5 2. Nf3 Nc6 3. d4 cxd4 4. Nxd4 d6 5. Nc3 Nxd4 6. Qxd4 Nf6 {B32: Sicilian: Löwenthal and Kalashnikov Variations.} 7. Bg5 g6 $2 {[#]} (7... e6 $16 {is a better defense.}) 8. Bxf6 exf6 {White is clearly better.} 9. Bb5+ Bd7 10. Bxd7+ Qxd7 {[#]} 11. O-O-O $146 ({Predecessor:} 11. Qxf6 Rg8 12. O-O-O Qe6 13. Qxe6+ fxe6 14. Rd3 Rd8 15. Rhd1 a6 16. h3 Bh6+ 17. Kb1 {0-1 (58) Devulapalli,S (1620)-Radeke,R (1468) Playchess.com INT 2020}) 11... Be7 (11... Bh6+ $16 {was necessary.} 12. Kb1 O-O 13. Qxd6 (13. Qxf6 Bg7 $16) 13... Qxd6 14. Rxd6 Rad8) 12. Nd5 O-O 13. Qxf6 ({Don't play} 13. Nxf6+ $6 Bxf6 14. Qxf6 Qa4 $14) 13... Bxf6 $2 (13... Bd8 14. Qd4 Rc8) 14. Nxf6+ $18 Kg7 15. Nxd7 Rfd8 16. Rxd6 Rac8 17. Rhd1 Rc7 18. e5 b6 19. f4 Rdc8 20. c3 Rc4 21. g3 h5 22. Nf6 h4 23. Rd7 hxg3 24. hxg3 {[#] Threatens to win with Rh1.} g5 25. f5 {White mates.} R8c7 26. Rd8 Rc8 27. Rxc8 Rxc8 28. Rh1 Rc5 29. Rh7+ Kf8 30. Rh8+ Ke7 31. Re8# {White took control after the opening.} 1-0

[Event "Stay Safe Play From Home 290"]
[Site "Emanuel Lasker Arena"]
[Date "2020.07.09"]
[Round "6"]
[White "Fischer_11"]
[Black "Eidgenosse"]
[Result "0-1"]
[WhiteElo "2108"]
[BlackElo "2455"]
[Annotator "NA"]
[PlyCount "116"]
[EventDate "2020.07.09"]
[EventType "swiss (blitz)"]

1. e4 {[%emt 0:00:02]} d6 {[%emt 0:00:01]} 2. d4 {[%emt 0:00:01]} Nf6 {[%emt 0:00:00]} 3. Nc3 {[%emt 0:00:00]} Nbd7 {[%emt 0:00:00]} 4. Bg5 {[%emt 0:00:00]} e5 {[%emt 0:00:00]} 5. dxe5 {[%emt 0:00:00]} dxe5 {[%emt 0:00:01]} 6. f4 {[%emt 0:00:00]} Be7 {[%emt 0:00:00]} 7. fxe5 {[%emt 0:00:01]} Nxe5 {[%emt 0:00:00]} 8. Qxd8+ {[%emt 0:00:01]} Bxd8 {[%emt 0:00:00]} 9. O-O-O {[%emt 0:00:01]} Be7 {[%emt 0:00:01]} 10. Nf3 {[%emt 0:00:00]} Nxf3 {[%emt 0:00:00]} 11. gxf3 {[%emt 0:00:00]} c6 {[%emt 0:00:00]} 12. h4 {[%emt 0:00:02]} h6 {[%emt 0:00:01]} 13. Be3 {[%emt 0:00:01]} Be6 {[%emt 0:00:01]} 14. h5 {[%emt 0:00:01]} Nd7 {[%emt 0:00:01]} 15. Bh3 {[%emt 0:00:01]} Bc5 {[%emt 0:00:01]} 16. Bxc5 {[%emt 0:00:04]} Nxc5 {[%emt 0:00:00]} 17. Bxe6 {[%emt 0:00:01]} Nxe6 {[%emt 0:00:00]} 18. Ne2 {[%emt 0:00:03]} Ke7 {[%emt 0:00:02]} 19. f4 {[%emt 0:00:01]} Rad8 {[%emt 0:00:01]} 20. Rxd8 {[%emt 0:00:02]} Rxd8 {[%emt 0:00:01]} 21. Rd1 {[%emt 0:00:00]} Rxd1+ {[%emt 0:00:01]} 22. Kxd1 {[%emt 0:00:00]} g6 {[%emt 0:00:00]} 23. hxg6 {[%emt 0:00:02]} fxg6 {[%emt 0:00:00]} 24. Kd2 {[%emt 0:00:02]} Nc5 {[%emt 0:00:00]} 25. Ke3 {[%emt 0:00:00]} Ke6 {[%emt 0:00:01]} 26. Nd4+ {[%emt 0:00:01]} Kd6 {[%emt 0:00:00]} 27. b4 {[%emt 0:00:01]} Ne6 {[%emt 0:00:02]} 28. Nf3 {[%emt 0:00:07]} b6 {[%emt 0:00:05]} 29. c4 {[%emt 0:00:01]} c5 {[%emt 0:00:01]} 30. b5 {[%emt 0:00:01]} g5 {[%emt 0:00:02]} 31. e5+ {[%emt 0:00:01]} Ke7 {[%emt 0:00:01]} 32. f5 {[%emt 0:00:01]} Nf4 {[%emt 0:00:01]} 33. Ke4 {[%emt 0:00:01]} Ne2 {[%emt 0:00:02]} 34. Kd5 {[%emt 0:00:01]} Nc3+ {[%emt 0:00:02]} 35. Kc6 {[%emt 0:00:02]} g4 {[%emt 0:00:00]} 36. Nh4 {[%emt 0:00:01]} g3 {[%emt 0:00:00]} 37. e6 {[%emt 0:00:02]} Kf6 {[%emt 0:00:01]} 38. Kd7 {[%emt 0:00:01]} Ne2 {[%emt 0:00:11]} 39. e7 {[%emt 0:00:00]} Nd4 {[%emt 0:00:01]} 40. e8=Q {[%emt 0:00:01]} Kg5 {[%emt 0:00:00]} 41. Qe7+ {[%emt 0:00:03]} Kg4 {[%emt 0:00:01]} 42. Qg7+ {[%emt 0:00:02]} Kh3 {[%emt 0:00:02]} 43. Ng6 {[%emt 0:00:00]} Nxf5 {[%emt 0:00:02]} 44. Ne7 {[%emt 0:00:00]} Nxg7 {[%emt 0:00:01]} 45. Kc7 {[%emt 0:00:00]} g2 {[%emt 0:00:00]} 46. Kb7 {[%emt 0:00:01]} g1=Q {[%emt 0:00:00]} 47. Kxa7 {[%emt 0:00:00]} Qe3 {[%emt 0:00:00]} 48. Kxb6 {[%emt 0:00:00]} Qxe7 {[%emt 0:00:00]} 49. a4 {[%emt 0:00:01]} Ne6 {[%emt 0:00:00]} 50. a5 {[%emt 0:00:00]} Qc7+ {[%emt 0:00:00]} 51. Ka6 {[%emt 0:00:01]} Qd6+ {[%emt 0:00:00]} 52. b6 {[%emt 0:00:00]} Nd4 {[%emt 0:00:01]} 53. Ka7 {[%emt 0:00:01]} Nc6+ {[%emt 0:00:00]} 54. Ka6 {[%emt 0:00:01]} Nxa5 {[%emt 0:00:00]} 55. Ka7 {[%emt 0:00:00]} Qxb6+ {[%emt 0:00:01]} 56. Kxb6 {[%emt 0:00:01]} Nxc4+ {[%emt 0:00:00]} 57. Kxc5 {[%emt 0:00:00]} Kg3 {[%emt 0:00:00]} 58. Kd4 {[%emt 0:00:00]} h5 {[%emt 0:00:00]} 0-1

[Event "Stay Safe Play From Home 290"]
[Site "Emanuel Lasker Arena"]
[Date "2020.07.09"]
[Round "6"]
[White "Bardellosport"]
[Black "Trotsky"]
[Result "1-0"]
[WhiteElo "1950"]
[BlackElo "1603"]
[Annotator "TA"]
[PlyCount "97"]
[EventDate "2020.07.09"]
[EventType "swiss (blitz)"]

{[%evp 9,96,-34,-22,-39,0,-40,-36,-37,-46,-36,8,-29,68,42,195,179,256,251,309,301,310,301,507,525,483,413,437,415,416,414,619,285,868,588,689,612,604,514,804,492,700,606,1966,1841,1909,1900,1987,1975,1858,1875,1637,1608,3123,2881,12841,12837,29986,29987,29988,29989,29991,29990,29994,29993,29995,29993,29995,29994,29995,29995,29995,29996,29998,29997,29997,29998,29998,29997,29997,29997,29997,29998,29998,29997,29997,29998,29999,29999,29999]} 1. e4 c5 2. d3 e6 3. Nd2 d5 4. Ngf3 Nc6 5. Be2 Bd6 6. c3 {C00: French: Unusual White 2nd moves.} Qc7 7. Qc2 Nf6 8. h3 {[#] Black is slightly better.} Bd7 $146 ({Predecessor:} 8... O-O 9. g4 b5 10. a4 b4 11. c4 dxe4 12. dxe4 b3 13. Qxb3 Nb4 14. Bd3 Rd8 {1-0 (41) Davidov,S (2314)-Sevdimaliyev,U (2386) Baku 2018}) 9. O-O h5 10. d4 Ng4 ({Better is} 10... cxd4 $11 11. cxd4 Rc8) 11. e5 Ncxe5 $2 {This costs Black the game.} (11... Be7 $14) 12. dxe5 Bxe5 (12... Nxe5 {was worth a try.} 13. Nxe5 Bxe5) 13. Nxe5 $18 Qxe5 {[%csl Gg4][%cal Re5h2] [#]} 14. Nf3 ({Not} 14. hxg4 $2 hxg4 15. f4 Qxe2 $19) 14... Qd6 15. g3 h4 $2 (15... Nf6 16. Bf4 Qe7) 16. hxg4 hxg3 17. Bd1 O-O-O 18. fxg3 Qxg3+ 19. Qg2 Qd6 (19... Qxg2+ $142 20. Kxg2 f6) 20. g5 (20. Ng5 $142) 20... Rh5 $2 (20... f6 21. Nh2 f5) 21. Nh2 Rh7 22. Ng4 Rdh8 23. Bf4 e5 (23... Qe7 $142 24. Bf3 f6) 24. Bh2 Bc6 (24... Qe7 $142 25. g6 Rxh2 26. Nxh2 f5) 25. Bf3 e4 26. Bxd6 exf3 27. Rxf3 Rh1+ 28. Qxh1 Rxh1+ 29. Kxh1 d4 30. Kg2 Bxf3+ 31. Kxf3 Kd7 32. Bxc5 b6 33. Bxd4 {White mates.} Kc6 34. Re1 a5 35. Ne5+ Kb5 36. Nxf7 {[%mdl 64] [#] Discovered Attack} Ka6 37. Bxg7 a4 38. Bd4 Kb5 39. g6 Kc4 40. g7 b5 41. g8=Q {[%cal Rf7e5]} b4 42. Qc8+ Kd3 43. Re3+ Kc2 44. Qh3 Kxb2 45. Qg2+ Ka3 46. cxb4+ Kxb4 47. Qb2+ Ka5 48. Re5+ Ka6 49. Qb6# {Accuracy: White = 48%, Black = 14%.} 1-0

[Event "Stay Safe Play From Home 290"]
[Site "Emanuel Lasker Arena"]
[Date "2020.07.09"]
[Round "6"]
[White "Tartak"]
[Black "Weltszmerc"]
[Result "0-1"]
[WhiteElo "1757"]
[BlackElo "2167"]
[Annotator "TA"]
[PlyCount "92"]
[EventDate "2020.07.09"]
[EventType "swiss (blitz)"]

{[%evp 9,92,-19,6,13,6,0,16,2,7,2,0,0,57,55,47,26,31,39,38,0,0,-26,-37,-42,7,0,0,0,28,-5,-6,-15,0,0,0,0,6,-39,8,-12,0,-14,20,0,0,-8,24,14,68,76,81,0,-1,-8,0,0,47,-77,-8,-203,-198,-221,132,120,174,-331,-201,-484,-273,-560,-687,-1343,-1318,-1176,-975,-1212,-1229,-1971,-1939,-4096,-3602,-2826,-2748,-6713,-6029]} 1. d4 Nf6 2. Nf3 b6 3. g3 Bb7 {[#]} 4. Bh3 $146 ({Predecessor:} 4. c4 g6 5. Bg2 Bg7 6. Nc3 Ne4 7. Qc2 Nxc3 8. bxc3 Nc6 9. e4 Na5 10. Nd2 O-O 11. h4 c5 12. d5 Ba6 13. Qd3 e6 {0-1 (25) Cheparinov,I (2670)-Carlsen,M (2876) chess24.com INT 2020}) 4... e6 5. O-O Be7 6. c4 {A47: 1 d4 Nf6 2 Nf3 b6: Torre, London and Colle Systems.} O-O 7. Nc3 Ne4 8. Nxe4 {The position is equal.} Bxe4 9. Nd2 Bb7 10. e4 f5 ({Black should try} 10... Bf6 $11) 11. exf5 $14 exf5 12. Bg2 Bxg2 13. Kxg2 Bf6 14. Qf3 Nc6 15. d5 Nd4 16. Qd3 g6 17. Nb3 Nxb3 18. axb3 Qe7 19. Be3 Bxb2 20. Rae1 Qe4+ (20... Qg7 {looks sharper.} 21. Bf4 d6 22. Re6 Be5 23. Bg5 f4) 21. Qxe4 fxe4 22. Re2 Bg7 23. Rd1 Rf7 24. c5 b5 25. b4 c6 26. dxc6 dxc6 27. Rd6 Rc8 28. Ra2 Be5 (28... Bc3 $11) 29. Re6 Bc3 30. Ra6 (30. Rxe4 $16 Rd7 31. Ra6) 30... Bxb4 $11 31. Rexc6 Rxc6 32. Rxc6 {[%mdl 4096] Endgame KRB-KRB} a5 33. Bd4 (33. Rb6 $14) 33... Rd7 (33... Rf5 $17 {Black wants to play ...a4.} 34. Kf1 Kf8) 34. Rc8+ $2 (34. Be3 $1 $11) 34... Kf7 $19 35. Be3 {[#]} a4 $2 (35... Ke6 $1 $19 {aiming for ...a4.} 36. c6 Re7) 36. c6 $16 {[%mdl 1024] White has strong compensation.} Re7 (36... Rd6 $16) 37. Ra8 $4 {[%mdl 8192]} (37. c7 $18 Ke6 38. Bg5) 37... a3 38. Bd4 $2 (38. Bc1 {might work better.} Bd6 39. Bxa3) 38... Ke6 (38... Bd6 $142 39. Kf1 b4) 39. Ra6 $2 {[#]} (39. Rb8 {was forced.} Bd6 40. Rxb5) 39... Kd5 $19 {Black is clearly winning.} 40. c7 Rxc7 41. Bh8 Kc4 42. h4 Kb3 43. h5 Bc3 44. hxg6 hxg6 45. Bxc3 Rxc3 46. g4 a2 {Accuracy: White = 41%, Black = 50%.} 0-1